000 00298nam a22001337a 4500
008 181106b xxu||||| |||| 00| 0 eng d
020 _a9780789024831
041 _aeng
080 _a316
100 _a50
101 _aSOC
245 _aParent Youth Relations
_cPeterson.G.W
942 _2udc
_cBK
999 _c51954
_d51954